[Event "Ekaterinburg Rapid op"]
[Site "Ekaterinburg"]
[Date "2023.08.12"]
[Round "10"]
[White "Kotlyar, Kirill"]
[Black "Inozemtsev, Sergei"]
[Result "1/2-1/2"]
[WhiteElo "2390"]
[BlackElo "2206"]
[PlyCount "73"]
[EventDate "2023.08.11"]
[EventType "swiss (rapid)"]
[EventRounds "11"]
[EventCountry "RUS"]
[SourceTitle "CBM 215 Extra"]
[Source "ChessBase"]
[SourceDate "2023.09.30"]
[SourceVersion "1"]
[SourceVersionDate "2023.09.30"]
[SourceQuality "1"]

1. d4 e6 2. c4 Nf6 3. Nf3 b6 4. g3 Ba6 5. Qb3 c5 6. Bg2 Bb7 7. dxc5 Bxc5 8. 0-0 0-0 9. Nc3 h6 10. Na4 Be7 11. Bf4 Na6 12. Rfd1 Rc8 13. Rac1 Re8 14. a3 Bf8 15. h3 Bc6 16. Nc3 Nc5 17. Qc2 Ba8 18. Nb5 a6 19. Nd6 Bxd6 20. Bxd6 Nce4 21. Qa4 Nxd6 22. Rxd6 Bc6 23. Qb4 a5 24. Qe1 Qc7 25. Rdd1 a4 26. Qb4 Ne4 27. Nd4 Nc5 28. Nb5 Bxb5 29. Qxb5 Red8 30. Rc2 d6 31. e3 Kf8 32. h4 Ke7 33. Qb4 Kf8 34. Rc3 Ke7 35. Bf3 Qa7 36. Rc2 Qa5 37. Ra1 1/2-1/2

[Event "Eurasia Cup op"]
[Site "Ekaterinburg"]
[Date "2019.08.07"]
[Round "7"]
[White "Kavyev, Ruslan"]
[Black "Inozemtsev, Sergei"]
[Result "1/2-1/2"]
[WhiteElo "2167"]
[BlackElo "2295"]
[PlyCount "90"]
[EventDate "2019.07.31"]
[EventType "swiss"]
[EventRounds "9"]
[EventCountry "RUS"]
[SourceTitle "CBM 191 Extra"]
[Source "ChessBase"]
[SourceDate "2019.09.30"]
[SourceVersion "1"]
[SourceVersionDate "2019.09.30"]
[SourceQuality "1"]

1. b3 Nf6 2. Bb2 e6 3. g3 c5 4. Bg2 Be7 5. Nf3 0-0 6. 0-0 a6 7. c4 b6 8. Qc2 Ra7 9. d4 cxd4 10. Nxd4 Bb7 11. e4 d6 12. Nc3 Nbd7 13. Rad1 Qb8 14. Qe2 Re8 15. f4 e5 16. Nf5 exf4 17. Nxe7+ Rxe7 18. Rxf4 Ne8 19. Qc2 b5 20. Nd5 Bxd5 21. exd5 Rc7 22. Rh4 Nf8 23. Rc1 Ng6 24. Re4 bxc4 25. Rxc4 Ne5 26. Rxc7 Rxc7 27. Qe2 Qb6+ 28. Kh1 Rxc1+ 29. Bxc1 Nf6 30. Be3 Qa5 31. Bd4 Nfd7 32. h3 g6 33. Qc2 h5 34. Bf2 Nf6 35. Kh2 Kh7 36. Qe2 Nxd5 37. Be1 Qc5 38. Bf2 Qa5 39. a4 Ne7 40. Be1 Qb6 41. b4 Nf5 42. Bc3 Qc7 43. Bb2 Qb6 44. Bc3 Qc7 45. Bb2 Qb6 1/2-1/2

[Event "Eurasia Cup op"]
[Site "Ekaterinburg"]
[Date "2019.08.03"]
[Round "4"]
[White "Inozemtsev, Sergei"]
[Black "Vinokur, Yuliya"]
[Result "1-0"]
[WhiteElo "2295"]
[BlackElo "2067"]
[PlyCount "77"]
[EventDate "2019.07.31"]
[EventType "swiss"]
[EventRounds "9"]
[EventCountry "RUS"]
[SourceTitle "CBM 191 Extra"]
[Source "ChessBase"]
[SourceDate "2019.09.30"]
[SourceVersion "1"]
[SourceVersionDate "2019.09.30"]
[SourceQuality "1"]

1. e4 c6 2. d3 d5 3. Nd2 e5 4. g3 Nf6 5. Bg2 Bc5 6. Ngf3 Bg4 7. h3 dxe4 8. dxe4 Be6 9. 0-0 Nbd7 10. Ng5 0-0 11. Nxe6 fxe6 12. Qe2 Qe8 13. Nb3 Qg6 14. Be3 Bxe3 15. Qxe3 b6 16. a4 c5 17. Nd2 a6 18. Qb3 Ne8 19. Rad1 Rb8 20. Qd3 Ndf6 21. Qxa6 Nc7 22. Qe2 b5 23. axb5 Nxb5 24. Nc4 Nd4 25. Qd3 Rbd8 26. c3 Nc6 27. Qe3 Rc8 28. Nd6 Rc7 29. Qxc5 Nd7 30. Qe3 Rb8 31. b4 Na7 32. Rd3 Nb5 33. Rfd1 Nf6 34. Nxb5 Rxb5 35. Rd8+ Kf7 36. Bf1 Rbb7 37. Ba6 Ra7 38. b5 Re7 39. Re1 1-0

[Event "RUS-chT2"]
[Site "Sochi"]
[Date "2019.05.10"]
[Round "9.4"]
[White "Inozemtsev, Sergei"]
[Black "Bykova, Anastasia"]
[Result "0-1"]
[WhiteElo "2310"]
[BlackElo "2201"]
[PlyCount "128"]
[EventDate "2019.05.01"]
[EventType "team-swiss"]
[EventRounds "9"]
[EventCountry "RUS"]
[SourceTitle "CBM 190 Extra"]
[Source "ChessBase"]
[SourceDate "2019.07.15"]
[SourceVersion "1"]
[SourceVersionDate "2019.07.15"]
[SourceQuality "1"]
[WhiteTeam "Sverdlovsk Region"]
[BlackTeam "Alania RNO"]
[WhiteTeamCountry "RUS"]
[BlackTeamCountry "RUS"]

1. e4 c6 2. d4 d5 3. exd5 cxd5 4. Bd3 Nc6 5. c3 Nf6 6. h3 g6 7. Qc2 e5 8. dxe5 Nxe5 9. Be3 Bg7 10. Bb5+ Bd7 11. Bxd7+ Qxd7 12. Ne2 0-0 13. 0-0 Rfe8 14. Nd2 Nc4 15. Nxc4 dxc4 16. Rad1 Qb5 17. Nd4 Qa5 18. a3 a6 19. Nf3 Nd5 20. Bc1 Qc5 21. Rfe1 b5 22. Re4 Qc6 23. Rde1 Nf6 24. Re5 Rxe5 25. Nxe5 Qd5 26. Nf3 Rd8 27. Bg5 h6 28. Be3 Kh7 29. Bd4 Re8 30. Rxe8 Nxe8 31. Qe2 Nd6 32. Kf1 Ne4 33. Qe3 Bxd4 34. Qxd4 Qxd4 35. cxd4 Kg7 36. Ne1 Kf6 37. Ke2 Ke6 38. Nc2 Kd5 39. g4 a5 40. h4 h5 41. f3 Nf6 42. gxh5 Nxh5 43. Ke3 Ng7 44. Kf4 Ne6+ 45. Ke3 f6 46. Kf2 f5 47. h5 gxh5 48. Ne3+ Kxd4 49. Nxf5+ Ke5 50. Ne3 Nc5 51. Ke2 Na4 52. Nd1 Kf4 53. Ne3 Nxb2 54. Nd5+ Ke5 55. Nc3 b4 56. axb4 axb4 57. Na2 Nd3 58. Ke3 h4 59. f4+ Nxf4 60. Nxb4 Nd5+ 61. Nxd5 Kxd5 62. Kf4 c3 63. Kg4 c2 64. Kxh4 c1Q 0-1

[Event "RUS-chT2"]
[Site "Sochi"]
[Date "2019.05.07"]
[Round "6.4"]
[White "Derjabin, Ilja"]
[Black "Inozemtsev, Sergei"]
[Result "1/2-1/2"]
[WhiteElo "2345"]
[BlackElo "2310"]
[PlyCount "193"]
[EventDate "2019.05.01"]
[EventType "team-swiss"]
[EventRounds "9"]
[EventCountry "RUS"]
[SourceTitle "CBM 190 Extra"]
[Source "ChessBase"]
[SourceDate "2019.07.15"]
[SourceVersion "1"]
[SourceVersionDate "2019.07.15"]
[SourceQuality "1"]
[WhiteTeam "Krym Nash"]
[BlackTeam "Sverdlovsk Region"]
[WhiteTeamCountry "RUS"]
[BlackTeamCountry "RUS"]

1. e4 e6 2. d4 d5 3. Bd3 c5 4. exd5 exd5 5. Nf3 c4 6. Be2 Nf6 7. 0-0 Be7 8. b3 cxb3 9. axb3 0-0 10. c4 Bg4 11. Nc3 Nc6 12. Ba3 Bxa3 13. Rxa3 Re8 14. h3 Bh5 15. Ra4 a6 16. Re1 Rc8 17. Ne5 Bxe2 18. Rxe2 dxc4 19. Nxc6 Rxc6 20. Rxe8+ Qxe8 21. d5 Rc8 22. Rxc4 Rd8 23. d6 h6 24. Rd4 Kh7 25. b4 Qc6 26. Qd3+ Kh8 27. b5 Qc5 28. bxa6 bxa6 29. Ne4 Qb5 30. Qxb5 axb5 31. Nc3 b4 32. Nb5 b3 33. Rb4 Ne8 34. Rxb3 Nxd6 35. Rd3 Nb7 36. Rc3 Rd7 37. g4 Nd8 38. Rc7 Rd3 39. Kg2 Kg8 40. Rc3 Rd2 41. Rc8 Kh7 42. Rc7 Kg6 43. Rc4 Ne6 44. Nc7 Nf8 45. Rc6+ Kh7 46. Rc5 Ng6 47. Kg3 Rd3+ 48. f3 Ne7 49. Nb5 Nd5 50. Rc4 Ne3 51. Rc3 Rd5 52. Rxe3 Rxb5 53. Ra3 h5 54. Ra7 f6 55. Rc7 Kh6 56. gxh5 Rxh5 57. h4 Ra5 58. Rb7 Ra1 59. Rb5 Kg6 60. Rc5 Rh1 61. Ra5 Kh6 62. Rb5 g6 63. Ra5 Rc1 64. Ra6 f5 65. Ra8 Rc4 66. Rh8+ Kg7 67. Rb8 Rd4 68. Ra8 Rd1 69. Kf4 Rg1 70. h5 gxh5 71. Kxf5 h4 72. Ra7+ Kg8 73. f4 h3 74. Ra8+ Kh7 75. Ra3 Kg7 76. Rxh3 Ra1 77. Rd3 Kf7 78. Rd7+ Ke8 79. Rb7 Ra6 80. Kg5 Kf8 81. f5 Rc6 82. Rh7 Kg8 83. Re7 Kf8 84. Re3 Kf7 85. Rh3 Kg7 86. Ra3 Kf7 87. Ra7+ Kf8 88. Rd7 Rb6 89. Kf4 Ke8 90. Rd5 Ke7 91. Ke5 Ra6 92. Rb5 Kf7 93. Rb7+ Ke8 94. f6 Ra1 95. Ke6 Re1+ 96. Kf5 Kf8 97. Rb8+ 1/2-1/2

[Event "RUS-chT blitz"]
[Site "Sochi"]
[Date "2018.10.10"]
[Round "7.8"]
[White "Borisova, Ekaterina"]
[Black "Inozemtsev, Sergei"]
[Result "0-1"]
[WhiteElo "2256"]
[BlackElo "2310"]
[PlyCount "160"]
[EventDate "2018.10.10"]
[EventType "team-swiss (blitz)"]
[EventRounds "15"]
[EventCountry "RUS"]
[SourceTitle "CBM 186 Extra"]
[Source "ChessBase"]
[SourceDate "2018.08.24"]
[SourceVersion "1"]
[SourceVersionDate "2018.08.24"]
[SourceQuality "1"]
[WhiteTeam "Moscow Youth"]
[BlackTeam "Nizhny Tagil Politekhnik"]
[WhiteTeamCountry "RUS"]
[BlackTeamCountry "RUS"]

1. d4 e6 2. g3 Nf6 3. Bg2 c5 4. c4 cxd4 5. Qxd4 Nc6 6. Qf4 d6 7. Nc3 a6 8. Nf3 Be7 9. 0-0 0-0 10. Rd1 Bd7 11. b3 Qb8 12. Bb2 Rd8 13. Rac1 Be8 14. Qd2 Ra7 15. Nd4 Nxd4 16. Qxd4 Bc6 17. e4 Ne8 18. Qb6 Ra8 19. b4 Qc7 20. Qe3 Qb8 21. b5 Bd7 22. a4 Rc8 23. Bf1 Qa7 24. Qxa7 Rxa7 25. Ba3 Kf8 26. c5 axb5 27. cxd6 Bf6 28. Bxb5 Rd8 29. Bc5 Raa8 30. Bb6 Bxb5 31. Nxb5 Rd7 32. a5 e5 33. Nc7 Rb8 34. Nb5 Bg5 35. Rc3 h5 36. h4 Bf6 37. Rcd3 Rc8 38. Nc7 Bd8 39. Nb5 Bxb6 40. axb6 Rc6 41. Rd5 Rxb6 42. Rxe5 Nxd6 43. Nxd6 Rbxd6 44. Rxd6 Rxd6 45. Rxh5 Rd4 46. Rb5 Rd7 47. Kg2 Ke7 48. Kf3 Kd8 49. g4 Kc7 50. Ke3 Kc6 51. Rg5 f6 52. Rf5 b5 53. g5 Rd6 54. gxf6 gxf6 55. Rd5 Rxd5 56. exd5+ Kxd5 57. h5 Ke6 58. h6 Kf7 59. Kd4 Kg6 60. h7 Kxh7 61. Kc5 Kg6 62. Kxb5 Kf5 63. Kc4 Ke4 64. Kc3 Kf3 65. Kd4 Kf4 66. Kd3 Kf3 67. Kd4 Kf4 68. Kd3 f5 69. Ke2 Ke4 70. f3+ Kd4 71. Kf2 f4 72. Ke2 Kc3 73. Ke1 Kd3 74. Kf2 Kd2 75. Kf1 Ke3 76. Ke1 Kxf3 77. Kf1 Ke3 78. Ke1 f3 79. Kf1 f2 80. Kg2 Ke2 0-1

[Event "RUS-chT blitz"]
[Site "Sochi"]
[Date "2018.10.10"]
[Round "8.6"]
[White "Inozemtsev, Sergei"]
[Black "Kozionov, Kirill"]
[Result "1/2-1/2"]
[WhiteElo "2310"]
[BlackElo "2458"]
[PlyCount "104"]
[EventDate "2018.10.10"]
[EventType "team-swiss (blitz)"]
[EventRounds "15"]
[EventCountry "RUS"]
[SourceTitle "CBM 186 Extra"]
[Source "ChessBase"]
[SourceDate "2018.08.24"]
[SourceVersion "1"]
[SourceVersionDate "2018.08.24"]
[SourceQuality "1"]
[WhiteTeam "Nizhny Tagil Politekhnik"]
[BlackTeam "Karpov Chess School"]
[WhiteTeamCountry "RUS"]
[BlackTeamCountry "RUS"]

1. e4 c5 2. Nf3 d6 3. Bb5+ Nd7 4. d4 cxd4 5. Qxd4 a6 6. Bxd7+ Bxd7 7. Nc3 Rc8 8. 0-0 e5 9. Qd3 h6 10. a4 Nf6 11. Rd1 Qc7 12. a5 Be7 13. Be3 0-0 14. Nd2 Be6 15. Bb6 Qc6 16. Nf1 Nd7 17. Be3 Rfd8 18. Ng3 Nf6 19. Bb6 Rd7 20. Qe2 Bg4 21. f3 Be6 22. Kh1 d5 23. exd5 Nxd5 24. Nxd5 Rxd5 25. Rxd5 Qxd5 26. Rd1 Qc6 27. c3 Qa4 28. Re1 Bd8 29. Bxd8 Rxd8 30. Qxe5 Qb5 31. Qxb5 axb5 32. Ne4 Bc4 33. h4 Kf8 34. b4 Rd5 35. Kh2 Re5 36. Rd1 Bd5 37. Nc5 Bc6 38. Rd8+ Ke7 39. Rb8 Kd6 40. Rf8 Re7 41. Rg8 g6 42. Kg3 Kc7 43. a6 bxa6 44. Nxa6+ Kd6 45. Nc5 Re3 46. Rc8 Re2 47. Rf8 Bd5 48. Rd8+ Kc6 49. Rc8+ Kd6 50. Rd8+ Kc6 51. Rc8+ Kd6 52. Rd8+ Ke5 1/2-1/2

[Event "RUS-chT blitz"]
[Site "Sochi"]
[Date "2018.10.10"]
[Round "2.5"]
[White "Inozemtsev, Sergei"]
[Black "Usmanov, Vasily"]
[Result "0-1"]
[WhiteElo "2310"]
[BlackElo "2453"]
[PlyCount "76"]
[EventDate "2018.10.10"]
[EventType "team-swiss (blitz)"]
[EventRounds "15"]
[EventCountry "RUS"]
[SourceTitle "CBM 186 Extra"]
[Source "ChessBase"]
[SourceDate "2018.08.24"]
[SourceVersion "1"]
[SourceVersionDate "2018.08.24"]
[SourceQuality "1"]
[WhiteTeam "Nizhny Tagil Politekhnik"]
[BlackTeam "St Petersburg Strazhi"]
[WhiteTeamCountry "RUS"]
[BlackTeamCountry "RUS"]

1. e4 Nc6 2. Nf3 d6 3. Bb5 Nf6 4. Qe2 Bg4 5. h3 Bh5 6. c3 a6 7. Ba4 e5 8. d3 Be7 9. Nbd2 0-0 10. Nf1 Nd7 11. Bc2 Nc5 12. g4 Bg6 13. Ng3 d5 14. Nf5 dxe4 15. dxe4 Ne6 16. Bd2 Nf4 17. Bxf4 exf4 18. 0-0 Bxf5 19. gxf5 Re8 20. Rad1 Bd6 21. Kh1 Qf6 22. Rg1 Ne5 23. Rg2 Qh6 24. Kh2 Qh5 25. Rd3 Rad8 26. Bd1 Nxd3 27. Qxd3 Kh8 28. Qc2 Qh6 29. Rg4 Qf6 30. Kg1 g6 31. fxg6 hxg6 32. h4 Kg7 33. Nd4 Bc5 34. Nf3 Qe6 35. Rxf4 Re7 36. Be2 Qh3 37. Bf1 Qg3+ 38. Bg2 Qxf4 0-1

[Event "RUS-ch blitz"]
[Site "Sochi"]
[Date "2018.10.07"]
[Round "9.16"]
[White "Drygalov, Sergey"]
[Black "Inozemtsev, Sergei"]
[Result "0-1"]
[WhiteElo "2446"]
[BlackElo "2310"]
[PlyCount "88"]
[EventDate "2018.10.07"]
[EventType "swiss (blitz)"]
[EventRounds "20"]
[EventCountry "RUS"]
[SourceTitle "CBM 186 Extra"]
[Source "ChessBase"]
[SourceDate "2018.08.24"]
[SourceVersion "1"]
[SourceVersionDate "2018.08.24"]
[SourceQuality "1"]

1. d4 Nf6 2. Nf3 g6 3. c4 Bg7 4. g3 0-0 5. Bg2 d6 6. 0-0 Nc6 7. Nc3 Bf5 8. Ne1 e5 9. d5 Nb8 10. e4 Bc8 11. Nd3 a5 12. a3 Nbd7 13. Rb1 b6 14. b4 axb4 15. axb4 Ba6 16. Qb3 Qe7 17. Bd2 Nh5 18. Ra1 f5 19. Ra2 Bb7 20. Rxa8 Rxa8 21. Re1 Qf7 22. Qb2 Nhf6 23. Bh3 Ne8 24. Ra1 Rb8 25. Qa3 Ra8 26. Qb2 Rb8 27. Qa3 Ra8 28. Qc1 Rb8 29. Be3 Nf8 30. f3 Bc8 31. Qd1 fxe4 32. Bxc8 exd3 33. Bh3 e4 34. Nxe4 Bxa1 35. Qxd3 Qxf3 36. Ng5 Qf6 37. Ne6 Nxe6 38. Bxe6+ Kh8 39. h4 Ng7 40. Bg4 Rf8 41. Kg2 Be5 42. c5 h5 43. Bh3 Nf5 44. Bxf5 Qxf5 0-1

[Event "RUS-ch blitz"]
[Site "Sochi"]
[Date "2018.10.07"]
[Round "3.28"]
[White "Dzhumagaliev, Yan"]
[Black "Inozemtsev, Sergei"]
[Result "1/2-1/2"]
[WhiteElo "2410"]
[BlackElo "2310"]
[PlyCount "154"]
[EventDate "2018.10.07"]
[EventType "swiss (blitz)"]
[EventRounds "20"]
[EventCountry "RUS"]
[SourceTitle "CBM 186 Extra"]
[Source "ChessBase"]
[SourceDate "2018.08.24"]
[SourceVersion "1"]
[SourceVersionDate "2018.08.24"]
[SourceQuality "1"]

1. d4 e6 2. Nf3 Nf6 3. c4 b6 4. g3 Ba6 5. b3 d5 6. Bg2 Bb4+ 7. Bd2 Be7 8. cxd5 Nxd5 9. 0-0 0-0 10. Nc3 Nc6 11. Nxd5 exd5 12. Rc1 Qd7 13. Bf4 f6 14. Qc2 Bb7 15. h4 Ba3 16. Rcd1 Rfe8 17. Kh2 Qf7 18. Bh3 Nb4 19. Qd2 Bc8 20. Bxc8 Raxc8 21. Kg2 Qd7 22. h5 Nc6 23. Qc2 Ne7 24. Rh1 Qf5 25. Qc3 a5 26. Bc1 Bb4 27. Qd3 Qe4 28. Qxe4 dxe4 29. Nd2 Nd5 30. a3 Bf8 31. e3 f5 32. Bb2 Bd6 33. Nc4 Red8 34. Rc1 Kf7 35. Rc2 Ke6 36. Rhc1 Kd7 37. h6 g6 38. Ne5+ Bxe5 39. dxe5 c5 40. g4 Ke6 41. Kg3 Rd7 42. Re2 Rf8 43. f3 exf3 44. Kxf3 fxg4+ 45. Kxg4 Ne7 46. e4 Rd3 47. Rc3 Rff3 48. Rxd3 Rxd3 49. b4 axb4 50. axb4 c4 51. b5 c3 52. Ba3 Rd2 53. Re3 c2 54. Rc3 Re2 55. Kf3 Rh2 56. Kg3 Re2 57. Kf3 Rh2 58. Kg4 Re2 59. Rc7 Ng8 60. Rc6+ Kxe5 61. Kf3 Rxe4 62. Bb2+ Kd5 63. Rxc2 Rb4 64. Bg7 Rh4 65. Rc6 Nxh6 66. Rxb6 Nf5 67. Bf6 Rb4 68. Rb8 Nd4+ 69. Bxd4 Kxd4 70. Rb7 h5 71. Rg7 Rb3+ 72. Kf4 Rb1 73. Rxg6 Rf1+ 74. Kg5 Rg1+ 75. Kxh5 Rxg6 76. Kxg6 Kc5 77. b6 Kxb6 1/2-1/2

[Event "RUS-ch blitz"]
[Site "Sochi"]
[Date "2018.10.07"]
[Round "11.9"]
[White "Inozemtsev, Sergei"]
[Black "Bocharov, Ivan"]
[Result "0-1"]
[WhiteElo "2310"]
[BlackElo "2563"]
[PlyCount "180"]
[EventDate "2018.10.07"]
[EventType "swiss (blitz)"]
[EventRounds "20"]
[EventCountry "RUS"]
[SourceTitle "CBM 186 Extra"]
[Source "ChessBase"]
[SourceDate "2018.08.24"]
[SourceVersion "1"]
[SourceVersionDate "2018.08.24"]
[SourceQuality "1"]

1. e4 e5 2. Nf3 Nc6 3. Bb5 a6 4. Bxc6 dxc6 5. 0-0 Bg4 6. h3 h5 7. d3 Qf6 8. Nbd2 Bd6 9. Re1 Be6 10. d4 0-0-0 11. dxe5 Bxe5 12. Nxe5 Qxe5 13. Qe2 Nf6 14. Nf3 Qc5 15. Bg5 Rd7 16. a3 Re8 17. b4 Qc3 18. Qe3 Qxe3 19. Rxe3 Nh7 20. Bf4 f6 21. Ree1 g5 22. Be3 g4 23. hxg4 Bxg4 24. Nd2 Ng5 25. f3 Be6 26. Kf2 Red8 27. Nf1 h4 28. Re2 h3 29. gxh3 Nxh3+ 30. Ke1 Rg8 31. Rd2 Rf7 32. Rh2 Ng5 33. Nd2 b6 34. Ke2 Nh3 35. Rah1 Rh7 36. Kd3 Rgh8 37. Kc3 Ng5 38. Rxh7 Rxh7 39. Rxh7 Nxh7 40. f4 Bg4 41. f5 Kd7 42. Bf4 Bd1 43. Kd3 Nf8 44. c4 Kd8 45. Ke3 Nd7 46. Bg3 c5 47. b5 axb5 48. cxb5 Ba4 49. Nf3 Bxb5 50. Nh4 Bc4 51. Ng6 Bf7 52. Nf4 b5 53. Nd3 Bc4 54. Nb2 Bf1 55. Kf2 Bh3 56. Bf4 c4 57. Nd1 c6 58. Bd6 Ke8 59. Nc3 Kf7 60. Ne2 Bg4 61. Nf4 c3 62. Ke3 c2 63. Kd2 Bf3 64. Ne6 Bxe4 65. Nd4 Ne5 66. Bb4 Nc4+ 67. Kc1 Ne3 68. Bd2 Nxf5 69. Nxc2 Bxc2 70. Kxc2 Ke6 71. Kd3 Ne7 72. Kd4 Kd6 73. Bb4+ Kd7 74. Kc5 Nd5 75. Bd2 f5 76. Kd4 Kd6 77. Bh6 c5+ 78. Kd3 Ke5 79. Bg7+ Ke6 80. Bh8 Nb6 81. Bg7 Kd5 82. Bf8 Nc4 83. Ke2 Nxa3 84. Kf3 Nc4 85. Kf4 Nd6 86. Ke3 b4 87. Kd3 c4+ 88. Kc2 f4 89. Bh6 f3 90. Be3 Ne4 0-1

[Event "RUS-ch blitz"]
[Site "Sochi"]
[Date "2018.10.07"]
[Round "16.31"]
[White "Potapov, Pavel"]
[Black "Inozemtsev, Sergei"]
[Result "1-0"]
[WhiteElo "2515"]
[BlackElo "2310"]
[PlyCount "119"]
[EventDate "2018.10.07"]
[EventType "swiss (blitz)"]
[EventRounds "20"]
[EventCountry "RUS"]
[SourceTitle "CBM 186 Extra"]
[Source "ChessBase"]
[SourceDate "2018.08.24"]
[SourceVersion "1"]
[SourceVersionDate "2018.08.24"]
[SourceQuality "1"]

1. e4 e6 2. d3 d5 3. Nd2 Nf6 4. Ngf3 b6 5. g3 Bb7 6. Qe2 Be7 7. Bg2 dxe4 8. dxe4 Ba6 9. c4 Nc6 10. 0-0 e5 11. b3 Bc5 12. Bb2 Qe7 13. Rad1 0-0 14. Nb1 Rad8 15. Nc3 Nd4 16. Nxd4 exd4 17. Na4 Rfe8 18. Rfe1 Bc8 19. Nxc5 bxc5 20. f3 Be6 21. Qd3 Nd7 22. Ba3 Qd6 23. Qd2 Qa6 24. Qb2 Rb8 25. Qc1 f6 26. h3 Qb6 27. f4 a5 28. Rd3 a4 29. g4 axb3 30. axb3 Qa5 31. Bb2 Rb6 32. Rf1 Reb8 33. Rff3 Qa7 34. Kh2 Qa6 35. Rg3 Qc8 36. Qc2 Qf8 37. Bc1 Qd6 38. Kg1 Re8 39. g5 Bf7 40. gxf6 Qxf6 41. e5 Qh4 42. Qf2 Rg6 43. Be4 Rxg3+ 44. Rxg3 Qh5 45. Qe1 g6 46. Kh2 Nf8 47. Rg5 Qh6 48. Bd5 Kh8 49. f5 Qg7 50. e6 Bg8 51. Bf4 Nd7 52. Qg3 Nf6 53. Be5 Rf8 54. fxg6 h6 55. Rf5 Qe7 56. g7+ Qxg7 57. Qxg7+ Kxg7 58. e7 Re8 59. Rxf6 Bxd5 60. Rf8+ 1-0

[Event "RUS-ch rapid"]
[Site "Sochi"]
[Date "2018.10.06"]
[Round "11.29"]
[White "Shcherbakov, Ruslan"]
[Black "Inozemtsev, Sergei"]
[Result "1-0"]
[WhiteElo "2516"]
[BlackElo "2310"]
[PlyCount "43"]
[EventDate "2018.10.05"]
[EventType "swiss (rapid)"]
[EventRounds "11"]
[EventCountry "RUS"]
[SourceTitle "CBM 186 Extra"]
[Source "ChessBase"]
[SourceDate "2018.08.24"]
[SourceVersion "1"]
[SourceVersionDate "2018.08.24"]
[SourceQuality "1"]

1. d4 Nf6 2. c4 e6 3. Nf3 b6 4. g3 Ba6 5. Qb3 c5 6. d5 Bd6 7. Nc3 Qe7 8. Bg5 h6 9. Bxf6 gxf6 10. Bg2 Bb7 11. Rd1 Na6 12. Nb5 exd5 13. Nh4 Be5 14. Nf5 Qf8 15. Bxd5 Bc6 16. Bxc6 dxc6 17. Qd3 Bd4 18. Qe4+ Kd7 19. Nfxd4 cxd4 20. Rxd4+ Kc8 21. Qxc6+ Kb8 22. Rd7 1-0

[Event "RUS-ch rapid"]
[Site "Sochi"]
[Date "2018.10.05"]
[Round "2.26"]
[White "Inozemtsev, Sergei"]
[Black "Demidov, Mikhail"]
[Result "0-1"]
[WhiteElo "2310"]
[BlackElo "2514"]
[PlyCount "104"]
[EventDate "2018.10.05"]
[EventType "swiss (rapid)"]
[EventRounds "11"]
[EventCountry "RUS"]
[SourceTitle "CBM 186 Extra"]
[Source "ChessBase"]
[SourceDate "2018.08.24"]
[SourceVersion "1"]
[SourceVersionDate "2018.08.24"]
[SourceQuality "1"]

1. e4 Nf6 2. e5 Nd5 3. d4 d6 4. Nf3 Nb6 5. Be2 Bg4 6. Be3 e6 7. 0-0 Nc6 8. Nbd2 Be7 9. Re1 Nd5 10. exd6 cxd6 11. c3 0-0 12. Nf1 Bf6 13. Bd2 Qb6 14. Qb3 Qc7 15. Ng3 Na5 16. Qa4 Rfc8 17. Ne4 Be7 18. Ng3 a6 19. h3 Bxf3 20. Bxf3 Nc4 21. Bc1 Nf6 22. Qc2 d5 23. Ne2 Bd6 24. Bg5 Nd7 25. Nc1 b5 26. Nd3 a5 27. a3 Rab8 28. b4 h6 29. Bc1 Ra8 30. Nc5 Nf8 31. Ra2 Ra7 32. Qb1 Rca8 33. Ree2 Bh2+ 34. Kh1 Bf4 35. Be3 Qb8 36. Nd3 Bxe3 37. fxe3 axb4 38. axb4 Rxa2 39. Rxa2 Nxe3 40. Ne5 Rxa2 41. Qxa2 Qc7 42. Qd2 Nf5 43. Kg1 Nd7 44. Nd3 Nb6 45. Nc5 Nc4 46. Qe1 Qd6 47. Bg4 Nfe3 48. Bf3 Qf4 49. Nd3 Qg5 50. Qf2 Nf5 51. Bg4 Nfd6 52. Qf4 Ne4 0-1

[Event "RUS-ch Eurasia Cup op"]
[Site "Ekaterinburg"]
[Date "2018.08.02"]
[Round "2"]
[White "Inozemtsev, Sergei"]
[Black "Zhukov, Ivan"]
[Result "0-1"]
[WhiteElo "2312"]
[BlackElo "2061"]
[PlyCount "137"]
[EventDate "2018.08.01"]
[EventType "swiss"]
[EventRounds "9"]
[EventCountry "RUS"]
[SourceTitle "CBM 185 Extra"]
[Source "ChessBase"]
[SourceDate "2018.07.29"]
[SourceVersion "1"]
[SourceVersionDate "2018.07.29"]
[SourceQuality "1"]

1. e4 c5 2. Nf3 d6 3. Bb5+ Nd7 4. d4 cxd4 5. Qxd4 a6 6. Bxd7+ Bxd7 7. Nc3 Nf6 8. Bg5 e6 9. 0-0 Be7 10. Nd2 Qc7 11. Nc4 Rd8 12. Rfd1 Bc6 13. Ne3 0-0 14. a4 Rc8 15. a5 Rfd8 16. h3 Rd7 17. Re1 h6 18. Bh4 Nxe4 19. Bxe7 Nxc3 20. Bxd6 Rxd6 21. Qxc3 Rcd8 22. Qe5 Qe7 23. Ra3 Qh4 24. Qc5 Rd2 25. Nf1 R8d5 26. Qa7 Rxc2 27. Rg3 Qd4 28. Qxd4 Rxd4 29. Rb1 Rb4 30. b3 Ra2 31. Rd1 Bd5 32. Ne3 Rxa5 33. Rc1 g6 34. Rc7 Kg7 35. Ng4 Rxb3 36. Rxb3 Bxb3 37. Rxb7 Rb5 38. Ra7 Ra5 39. f4 Ra1+ 40. Kf2 Ra2+ 41. Ke3 e5 42. fxe5 Rxg2 43. Rxa6 Rg3+ 44. Kf2 Rxh3 45. Nf6 Rh2+ 46. Kf3 h5 47. Rb6 Be6 48. Rb8 Kh6 49. Kf4 Rh4+ 50. Kg3 Ra4 51. Kf3 Kg5 52. Ke3 Kf5 53. Rb5 Ra3+ 54. Kf2 h4 55. Ng8 Rc3 56. Nh6+ Kg5 57. Nxf7+ Bxf7 58. e6+ Kf6 59. exf7 Kxf7 60. Rb4 g5 61. Rb6 h3 62. Kg1 g4 63. Rh6 Kg7 64. Rh4 Rc4 65. Rh5 Kg6 66. Rh8 Kg5 67. Rg8+ Kf4 68. Kf1 Rc1+ 69. Ke2 0-1

[Event "RUS-ch Eurasia Cup op"]
[Site "Ekaterinburg"]
[Date "2018.08.01"]
[Round "1"]
[White "Erokhin, Artem"]
[Black "Inozemtsev, Sergei"]
[Result "1/2-1/2"]
[WhiteElo "1806"]
[BlackElo "2312"]
[PlyCount "145"]
[EventDate "2018.08.01"]
[EventType "swiss"]
[EventRounds "9"]
[EventCountry "RUS"]
[SourceTitle "CBM 185 Extra"]
[Source "ChessBase"]
[SourceDate "2018.07.29"]
[SourceVersion "1"]
[SourceVersionDate "2018.07.29"]
[SourceQuality "1"]

1. e4 e6 2. d4 d5 3. Bd3 c5 4. exd5 exd5 5. Nf3 Nf6 6. 0-0 Be7 7. Bg5 0-0 8. Nc3 Be6 9. Re1 Nc6 10. Bf1 h6 11. Be3 Rc8 12. h3 Ne4 13. Ne2 b6 14. c3 Bd6 15. Nf4 c4 16. Nxe6 fxe6 17. Nd2 Nf6 18. b3 b5 19. a4 a6 20. axb5 axb5 21. bxc4 bxc4 22. Qc2 Ne7 23. g4 Qe8 24. Ra7 Ng6 25. Ra6 Rd8 26. g5 hxg5 27. Bxg5 Rd7 28. Bg2 Qf7 29. Nf1 Nh5 30. Qe2 Nhf4 31. Bxf4 Nxf4 32. Qe3 Qh5 33. Ng3 Nxh3+ 34. Bxh3 Qxh3 35. Qxe6+ Qxe6 36. Rxe6 Bxg3 37. fxg3 Rf3 38. Kg2 Rxc3 39. Red6 Rc2+ 40. Kh3 Rc7 41. Rxd5 Rd2 42. Raa5 Kf7 43. Rf5+ Ke8 44. Rfe5+ Re7 45. Red5 Re4 46. Re5+ Rxe5 47. dxe5 Kf7 48. Rc5 Rd4 49. Rc6 g5 50. Kg2 g4 51. Kf2 Re4 52. Kf1 Ke7 53. Kf2 Kd7 54. Rc5 Ke6 55. Kf1 Rd4 56. Ke2 Kf5 57. Ke3 Rd3+ 58. Kf2 Rf3+ 59. Kg2 c3 60. Rc4 Rd3 61. Kf2 Rf3+ 62. Kg2 Rd3 63. Kf2 Rd2+ 64. Ke1 Rc2 65. Kd1 Rg2 66. Rxc3 Kxe5 67. Ke1 Ke4 68. Kf1 Rd2 69. Rc8 Ke3 70. Rf8 Ra2 71. Kg1 Ra1+ 72. Kg2 Ra2+ 73. Kg1 1/2-1/2